000 00528cam a2200181 a 4500
020 _a0070293724
040 _cDLC
082 0 0 _a515 HIL 1996 A032 Or.
100 1 _aHoffmann, Laurence D.,
245 1 0 _aCalculus for business, economics, and the social and life sciences.
250 _a6th ed. /
260 _aBoston, Mass. ;
_aNew York :
_bMcGraw-Hill,
_cc1996.
300 _axviii, 844 p. :
_bill. (some col.) ;
_c25 cm.
500 _aIncludes index.
650 0 _aCalculus.
700 1 _aBradley, Gerald L.,
942 _cEK
999 _c11832
_d11832